000 00477nam a22001577a 4500
082 _a621.312
_bARE
100 _aAreeha Javaid (362086)
_9119466
245 _aIndoor Smart Cultivation Monitoring System (SCMS) while Measuring Energy Consumption /
264 _aIslamabad :
_bUSPCAS-E, NUST
_cSeptember, 2023.
300 _axii, 50 p.
_e+CD
520 _aTH-531
650 _aMS EEP Thesis
650 _aMS Thesis
_918721
700 _aDr Muhammad Yousif
942 _2ddc
_cTHE
999 _c607162
_d607162